| 000 | 00840 a2200193 4500 | ||
|---|---|---|---|
| 003 | NUST | ||
| 005 | 20251124171047.0 | ||
| 040 | _cNust | ||
| 082 | _a621.382,ZAK | ||
| 100 |
_aZakki, Capt. Jawad (TCC-19/ TE-44) _9131480 |
||
| 245 |
_aSpeaker Recognition System For Security Applications / _cCapt. Jawad Zakki ,GC. Yousaf Khattak and NC. Faizan Doger |
||
| 260 |
_aRawalpindi _bMCS (NUST) _cJuly 2011 |
||
| 300 | _ax,69 p.; | ||
| 505 | _aIntroduction (Page-1), Speaker Recognition (Page-4), Voice Activity Detection (Page-13), Feature Extraction (Page-17), Vector Quantization (Page-31), Performance Evaluation (Page-38), Conclusion and Recommendations (Page-42), References (Page-43). | ||
| 650 |
_aUG Projects _998716 |
||
| 651 |
_aTE-44/TCC-19 _9131481 |
||
| 700 |
_aSupervised by Dr. Adil Masood Siddiqui _9132046 |
||
| 942 |
_2ddc _cPR |
||
| 999 |
_c188979 _d188979 |
||